| 000 | 00808nas a2200289 4500 | ||
|---|---|---|---|
| 001 | BR2013000406 | ||
| 003 | BR-BrBNA | ||
| 005 | 20231205121814.0 | ||
| 007 | ta | ||
| 008 | 230509b bl.|||p| |||| 00| 00por d | ||
| 040 |
_aBR-BrBNA _bpor _cBiblioteca Nacional de Agricultura |
||
| 041 | _a(Pt) | ||
| 072 | _aL73 | ||
| 100 | 1 | _aFortes, F.S. | |
| 100 | 1 | _aBiondo, A.W. | |
| 100 | 1 | _aMolento, M.B. | |
| 245 | 1 | _aFebre maculosa brasileira em cães | |
| 650 | _aCÃO | ||
| 650 | _aCARRAPATO | ||
| 650 | _aEPIDEMIOLOGIA | ||
| 650 | _aDIAGNÓSTICO | ||
| 650 | _aFEBRE MACULOSA | ||
| 650 | _aSÁUDE PÚBLICA | ||
| 773 | 0 |
_tSemina. Ciências Agrárias (Brazil) _xISSN 1676-546X _g(Jan-Mar 2011), v. 32(1) p. 339-354 _wBR2013000406 |
|
| 909 |
_a202311 _bLúcia _c55 _dLúcia Elande |
||
| 942 |
_2AGRIS _n0 _cANA |
||
| 999 |
_c225339 _d225339 |
||